[Event "Mecklenburg VP-ch U12"]
[Site "Malchow"]
[Date "2014.02.04"]
[Round "6"]
[White "Wolfgramm, Egon"]
[Black "Gradtke, Aaron Marco"]
[Result "0-1"]
[WhiteElo "819"]
[BlackElo "787"]
[PlyCount "94"]
[EventDate "2014.02.01"]
[EventType "swiss"]
[EventRounds "7"]
[EventCountry "GER"]
[SourceTitle "EXT 2017"]
[Source "ChessBase"]
[SourceDate "2016.10.25"]
[SourceVersion "1"]
[SourceVersionDate "2016.10.25"]
[SourceQuality "1"]

1. d4 d5 2. Nf3 Bf5 3. Bf4 Nf6 4. e3 g6 5. Bd3 Be6 6. Nbd2 Bg7 7. 0-0 0-0 8. c3 Bg4 9. Qc2 Bxf3 10. Nxf3 Nc6 11. Rfe1 e6 12. Rad1 Rc8 13. c4 Nb4 14. Qb3 Nxd3 15. Qxd3 c6 16. Rc1 Qa5 17. Ra1 Qa6 18. Nd2 b5 19. cxd5 cxd5 20. Rac1 Rxc1 21. Rxc1 Qxa2 22. Qb1 Qxb1 23. Rxb1 Ne4 24. Nxe4 dxe4 25. Ra1 Rc8 26. g3 Ra8 27. Ra5 b4 28. b3 a6 29. Ra4 f6 30. Bd6 h5 31. Rxb4 a5 32. Rc4 Kf7 33. Rc7+ Kg8 34. Rc5 a4 35. bxa4 Rxa4 36. Rc8+ Kf7 37. Kg2 f5 38. f3 exf3+ 39. Kxf3 Ra2 40. e4 Rxh2 41. exf5 gxf5 42. g4 fxg4+ 43. Kg3 Rd2 44. Rc7+ Kg6 45. Bc5 Bxd4 46. Rd7 Be5+ 47. Kh4 Rxd7 0-1

[Event "Mecklenburg VP-ch U12"]
[Site "Malchow"]
[Date "2014.02.01"]
[Round "2"]
[White "Mauser, Tarik Gino"]
[Black "Gradtke, Aaron Marco"]
[Result "0-1"]
[WhiteElo "838"]
[BlackElo "787"]
[PlyCount "84"]
[EventDate "2014.02.01"]
[EventType "swiss"]
[EventRounds "7"]
[EventCountry "GER"]
[SourceTitle "EXT 2017"]
[Source "ChessBase"]
[SourceDate "2016.10.25"]
[SourceVersion "1"]
[SourceVersionDate "2016.10.25"]
[SourceQuality "1"]

1. d4 d5 2. Nf3 Nf6 3. Bg5 h6 4. Bxf6 exf6 5. e3 Bd6 6. Nc3 0-0 7. Bd3 Nc6 8. Qe2 Be6 9. e4 Re8 10. e5 fxe5 11. dxe5 Bc5 12. Nh4 Qxh4 13. g3 Qd8 14. Bb5 d4 15. Ne4 Qd5 16. Bxc6 Qxc6 17. Nxc5 Qxc5 18. g4 Qc6 19. Rg1 Qa4 20. f3 Bxa2 21. Qg2 Rxe5+ 22. Kf2 Qa6 23. Kg3 Re2 24. Qf1 Rae8 25. Rg2 Rxg2+ 26. Kxg2 Qe6 27. Kf2 Bc4 28. Qe1 Qd7 29. Qg1 d3 30. cxd3 Qxd3 31. Kg3 Re3 32. Rf1 Qxf1 33. Qxf1 Bxf1 34. Kf2 Rb3 35. Kxf1 Rxb2 36. Kg1 Kf8 37. h3 Ke7 38. Kf1 Ke6 39. Ke1 Ke5 40. Kd1 Kf4 41. Kc1 Rh2 42. Kd1 Kxf3 0-1